000 00942nam a2200265 u 4500
005 20231201064153.0
008 091124s2003 fr r 000 0 fre d
020 _a9782090338485
035 _aUPN01000173914
049 _aCG
050 4 _aPC2111
_bG7.37
100 1 _aGrégoire, Maia
245 1 0 _aGrammaire progressive du Francais :
_bavec 600 exercices /
_cMaia Grégoire, Odile Thiévenaz ; colab. Elisaberh Franco, Alina Kostucki.
260 _aParis :
_bCLE International,
_cc2003.
300 _a271 p.
500 _aNiveau intermédiaire
590 _a(También localizas un ejemplar en el "Area de Reserva")
590 _aBibliografía Básica (BGTQ), 2009
650 4 _aFrancés
_xGramática
_xEstudio y enseñanza
_914029
650 4 _aFRANCES -
_xCOMPOSICION Y EJERCICIOS
_914034
700 1 _aThiévenaz, Odile,
_ecoaut.
700 1 _aFranco Elisabeth,
_ecolab.
700 1 _aKostucki, Alina,
_ecolab.
905 _aLibro
999 _c146018
_d146018